000 01109naa a22003137a 4500
001 BR7000142
003 BR-BrBNA
005 20240918173355.0
007 ta
008 230509b bl.||||| |||| 00| 0 por d
040 _aBR-BrBNA
_bpor
_cBiblioteca Nacional de Agricultura
041 _a(Pt)
072 _aF25
090 _aF25 BR7000142
100 1 _aGuimaraes, J.E.P.
111 1 _aSeminario da Industria de Fertilizantes
_cSao Paulo, SP (Brazil)
_d25 Jun 1970
245 1 _aCorretivos de acidez, mercado, tecnologia e caracteristicas [Fertilizante; Solo; calcario; Fertilidade do solo]
260 3 _aS-AO Paulo, SP (Brasil):
_c1970.
500 _aAnais. Seminario da industria de fertilizantes S-AO Paulo, SP (Brasil): 1970. p.151-172 (BR7000142-AM)F25
650 _aFertilizante
650 _aAcidez
650 _aSolo
650 _aCalcario
650 _aFertilidade do solo
650 _acorretivo
773 0 _tAnais. Seminario da industria de fertilizantes
_wF25 BR7000142
_gS-AO Paulo, SP (Brasil), 1970. p.151-172
909 _a202404
_bLucia
_c55
_dLucia Elande
942 _cAM
_2AGRIS
999 _c304257
_d304257